National Assembly Library of Thailand

คือวิญญาณเสรี ปรีดี พนมยงค์ (ระเบียนเลขที่ 8860)

รายละเอียดในรูปแบบ MARC
000 -LEADER
fixed length control field 00779nam a22002057a 4500
005 - DATE AND TIME OF LATEST TRANSACTION
control field 20221123161849.0
008 - FIXED-LENGTH DATA ELEMENTS--GENERAL INFORMATION
fixed length control field s2543 th tha d
020 ## - INTERNATIONAL STANDARD BOOK NUMBER
International Standard Book Number 9748212246
041 ## - LANGUAGE CODE
Language code of text/sound track or separate title tha
050 ## - LIBRARY OF CONGRESS CALL NUMBER
Classification number DS578.32 ป472ค 2543
245 10 - TITLE STATEMENT
Title คือวิญญาณเสรี ปรีดี พนมยงค์
260 3# - PUBLICATION, DISTRIBUTION, ETC.
Place of publication, distribution, etc. กรุงเทพฯ :
Name of publisher, distributor, etc. มหาวิทยาลัยธรรมศาสตร์,
Date of publication, distribution, etc. 2543
300 ## - PHYSICAL DESCRIPTION
Extent 269 หน้า :
Other physical details ภาพประกอบ, ตาราง ;
Dimensions 29 ซม.
650 04 - SUBJECT ADDED ENTRY--TOPICAL TERM
Topical term or geographic name entry element ปรีดี พนมยงค์ -- ผลงาน
650 04 - SUBJECT ADDED ENTRY--TOPICAL TERM
Topical term or geographic name entry element ปรีดี พนมยงค์, 2443--2526
850 ## - HOLDING INSTITUTION
Holding institution NALT
942 ## - ADDED ENTRY ELEMENTS (KOHA)
Koha item type General Book
Koha issues (borrowed), all copies 1
997 ## -
-- 000000000008860
998 ## - LOCAL CONTROL INFORMATION (RLIN)
-- PRATHANA
-- 909
-- นางสาวสุพัณดา สุภาพ
รายการที่มีในห้องสมุด
Withdrawn status Lost status Damaged status Not for loan Collection code Home library Current library Total Checkouts Full call number Barcode Date last seen Copy number Price effective from Koha item type Source of classification or shelving scheme Date acquired Date last checked out
        General Book collection National Assembly Library of Thailand National Assembly Library of Thailand   DS 578.32 ป472ค 2543 3961136550 09/06/2017 ฉ. 1 09/06/2017 General Book      
    Damaged   General Book collection National Assembly Library of Thailand National Assembly Library of Thailand 1 DS 578.32 ป472ค 2543 3961136551 28/11/2022 ฉ. 2 09/06/2017 General Book Library of Congress Classification 23/11/2022 23/11/2022
หอสมุดรัฐสภา
สำนักงานเลขาธิการสภาผู้แทนราษฎร เลขที่ 1111 ถนนสามเสน แขวงถนนนครไชยศรี เขตดุสิต กรุงเทพฯ 10300
The Secretariat of the House of Representatives 1111 Samsen Road, Thanon Nakhon Chai Si, Dusit, Bangkok 10300, THAILAND
โทรศัพท์: +66(0) 2242 5900 ต่อ 5714-5 โทรสาร: +66(0) 2242 5990 อีเมล: [email protected]